书目信息 |
| 题名: |
计算机组装与维护
|
|
| 作者: | 王爱红 , 吴冠辰 , 胡海翔 主编 | |
| 分册: | ||
| 出版信息: | 北京 航空工业出版社 2018.02 |
|
| 页数: | 256页 | |
| 开本: | 26cm | |
| 丛书名: | ||
| 单 册: | ||
| 中图分类: | TP305 , TP306.3 , TP30 | |
| 科图分类: | ||
| 主题词: | 电子计算机--组装--教材 , 计算机维护--教材 | |
| 电子资源: | ||
| ISBN: | 978-7-5165-1544-0 | |
| 000 | 01061nam0 2200289 450 | |
| 001 | 5652 | |
| 005 | 20181020112224.28 | |
| 010 | @a978-7-5165-1544-0@dCNY39.80 | |
| 100 | @a20180714d2018 em y0chiy50 ea | |
| 101 | 0 | @achi |
| 102 | @aCN@b110000 | |
| 105 | @aak z 000yy | |
| 200 | 1 | @a计算机组装与维护@9ji suan ji zu zhuang yu wei hu@f王爱红,吴冠辰,胡海翔主编 |
| 210 | @a北京@c航空工业出版社@d2018.02 | |
| 215 | @a256页@c图@d26cm | |
| 300 | @a计算机“十三五”规划教材 “互联网+计算机教育”立体化教材 | |
| 330 | @a本书通过大量案例全面介绍了计算机组装、维护和维修的相关知识。书中内容出自全新的技术和第一手资料,以当今主流软件、硬件和流行个性 化手法为背景,全面而实用,是读者在实际的计算机购买、安装、使用和维护中的良师益友。 | |
| 606 | 0 | @a电子计算机@x组装@j教材 |
| 606 | 0 | @a计算机维护@j教材 |
| 690 | @aTP305@v5 | |
| 690 | @aTP306.3@v5 | |
| 690 | @aTP30@v4 | |
| 701 | 0 | @a王爱红@9wang ai hong@4主编 |
| 701 | 0 | @a吴冠辰@9wu guan chen@4主编 |
| 701 | 0 | @a胡海翔@9hu hai xiang@4主编 |
| 801 | 0 | @aCN@b91MARC@c20180714 |
| 905 | @aMuseLib@dTP30@e872 | |
| 计算机组装与维护/王爱红,吴冠辰,胡海翔主编.-北京:航空工业出版社,2018.02 |
| 256页:图;26cm |
| 计算机“十三五”规划教材 “互联网+计算机教育”立体化教材 |
| ISBN 978-7-5165-1544-0:CNY39.80 |
| 本书通过大量案例全面介绍了计算机组装、维护和维修的相关知识。书中内容出自全新的技术和第一手资料,以当今主流软件、硬件和流行个性 化手法为背景,全面而实用,是读者在实际的计算机购买、安装、使用和维护中的良师益友。 |
| ● |
| 相关链接 |
|
|
|
|
正题名:计算机组装与维护
索取号:TP30/872
 
预约/预借
| 序号 | 登录号 | 条形码 | 馆藏地/架位号 | 状态 | 备注 |
| 1 | 1130661 | 211306610 | 第二样本阅览室/ [索取号:TP30/872] | 在馆 | |
| 2 | 1130662 | 211306629 | 第三借阅区/ [索取号:TP30/872] | 在馆 | |
| 3 | 1130663 | 211306638 | 第三借阅区/ [索取号:TP30/872] | 在馆 | |
| 4 | 1130664 | 211306647 | 第三借阅区/ [索取号:TP30/872] | 在馆 | |
| 5 | 1130665 | 211306656 | 第三借阅区/ [索取号:TP30/872] | 在馆 |